header

High-speed networking (Record no. 8701)

MARC details
000 -LEADER
fixed length control field 01637nam a2200385 a 4500
001 - CONTROL NUMBER
control field ebr10026380
003 - CONTROL NUMBER IDENTIFIER
control field CaPaEBR
006 - FIXED-LENGTH DATA ELEMENTS--ADDITIONAL MATERIAL CHARACTERISTICS--GENERAL INFORMATION
fixed length control field m u
007 - PHYSICAL DESCRIPTION FIXED FIELD--GENERAL INFORMATION
fixed length control field cr cn|||||||||
008 - FIXED-LENGTH DATA ELEMENTS--GENERAL INFORMATION
fixed length control field 011022s2001 nyua sb 001 0 eng d
020 ## - INTERNATIONAL STANDARD BOOK NUMBER
Cancelled/invalid ISBN 047104976X (electronic bk.)
040 ## - CATALOGING SOURCE
Original cataloging agency CaPaEBR
Transcribing agency CaPaEBR
035 ## - SYSTEM CONTROL NUMBER
System control number (OCoLC)301282598
050 14 - LIBRARY OF CONGRESS CALL NUMBER
Classification number TK5105.5
Item number .S743 2001ebeb
082 04 - DEWEY DECIMAL CLASSIFICATION NUMBER
Classification number 004.6
Edition number 21
100 1# - MAIN ENTRY--PERSONAL NAME
Personal name Sterbenz, James P. G.
245 10 - TITLE STATEMENT
Title High-speed networking
Medium [electronic resource] :
Remainder of title a systematic approach to high-bandwidth low-latency communication /
Statement of responsibility, etc James P.G. Sterbenz and Joseph D. Touch ; with contributions from Julio Escobar, Rajesh Krishnan, Chunming Qiao ; technical editor A. Lyman Chapin.
260 ## - PUBLICATION, DISTRIBUTION, ETC. (IMPRINT)
Place of publication, distribution, etc New York :
Name of publisher, distributor, etc Wiley,
Date of publication, distribution, etc 2001.
300 ## - PHYSICAL DESCRIPTION
Extent xix, 597 p. :
Other physical details ill., diagrs.
490 1# - SERIES STATEMENT
Series statement Wiley Networking Council series
500 ## - GENERAL NOTE
General note "Wiley computer publishing".
504 ## - BIBLIOGRAPHY, ETC. NOTE
Bibliography, etc Includes bibliographical references and index.
533 ## - REPRODUCTION NOTE
Type of reproduction Electronic reproduction.
Place of reproduction Palo Alto, Calif. :
Agency responsible for reproduction ebrary,
Date of reproduction 2013.
Note about reproduction Available via World Wide Web.
-- Access may be limited to ebrary affiliated libraries.
650 #0 - SUBJECT ADDED ENTRY--TOPICAL TERM
Topical term or geographic name as entry element Computer networks
General subdivision Design and construction.
Topical term or geographic name as entry element High performance computing.
655 #7 - INDEX TERM--GENRE/FORM
Genre/form data or focus term Electronic books.
Source of term local
700 1# - ADDED ENTRY--PERSONAL NAME
Personal name Touch, Joseph D.
Personal name Escobar, Julio.
Personal name Krishnan, Rajesh.
Personal name Qiao, Chunming.
Personal name Chapin, A. Lyman.
710 2# - ADDED ENTRY--CORPORATE NAME
Corporate name or jurisdiction name as entry element ebrary, Inc.
830 #0 - SERIES ADDED ENTRY--UNIFORM TITLE
Uniform title Wiley Networking Council series.
856 40 - ELECTRONIC LOCATION AND ACCESS
Uniform Resource Identifier <a href="http://site.ebrary.com/lib/rucke/Doc?id=10026380">http://site.ebrary.com/lib/rucke/Doc?id=10026380</a>
Public note An electronic book accessible through the World Wide Web; click to view

No items available.

© 2026 Rongo University
Contact us: librarian | system librarian | Rongo university